| 000 | 00707nam a2200277Ia 4500 | ||
|---|---|---|---|
| 005 | 20260324115022.0 | ||
| 008 | 008 260324s9999 xx 000 0 eng d | ||
| 020 | _a9780429299605 | ||
| 037 | _aEBOOK | ||
| 040 | _aCRL | ||
| 040 | _beng | ||
| 040 | _cCRL | ||
| 041 | _2eng | ||
| 041 | _aeng | ||
| 084 | _qCRL | ||
| 100 |
_aSabu Thomas; Sravanthi Loganathan; Jissy Jacob _91153052 |
||
| 245 | 0 | _aChitin- and Chitosan-Based Biocomposites for Food Packaging Applications | |
| 260 | _bTaylor and Francis | ||
| 260 | _c2020 | ||
| 365 | _a | ||
| 365 | _b120 | ||
| 856 | _uhttp://www.taylorfrancis.com/books/9780429299605 | ||
| 942 | _cEBOOK | ||
| 999 |
_c1743608 _d1743608 |
||